La argentina, la ántartida y el sistema del tratado antártico /

Guardado en:
Formato: Libro
Publicado: Buenos Aires : Ministerio de Educación Ciencia y Tecnología, 2004
Materias:
Etiquetas: Agregar Etiqueta
Sin Etiquetas, Sea el primero en etiquetar este registro!
LEADER 00572nam a22001695a 4500
001 CEM.cems014804
008 130507s2004##################000#0#####d
005 20210805165106.0
003 CEMS
245 0 0 |a La argentina, la ántartida y el sistema del tratado antártico /  |c Ministerio de Educación Ciencia y Tecnología 
260 |a Buenos Aires :  |b Ministerio de Educación Ciencia y Tecnología,  |c 2004 
300 |a 4 p. 
590 |a 1343.017 
653 |a Atnártida 
653 |a Tratado antártico 
653 |a Biblioteca TC 
859 |a CEMS  |b BIB. CEMS - 11 de abril  |h TC  |p 1343.017  |t Ej.1